|
|
|
|
| LEADER |
00912ncm a22002532a 4500 |
| 001 |
000547232 |
| 003 |
CZ BrMZK |
| 005 |
20110520185243.0 |
| 007 |
qu |
| 008 |
000105s1954 xo f slo d |
| 040 |
|
|
|a BOA001
|b cze
|
| 072 |
|
7 |
|a 784
|x Vokální hudba
|2 Konspekt
|9 9
|
| 100 |
1 |
|
|a Siváček, Ján,
|d 1928-1987
|7 ola2007404635
|4 cmp
|
| 245 |
1 |
0 |
|a Úsmev ti pristane
|h [hudebnina] :
|b pomalý fox /
|c Ján Siváček ; slová Tibor Grünner
|
| 260 |
|
|
|a Bratislava :
|b Slovenské hudobné vydavateľstvo,
|c 1954
|
| 300 |
|
|
|a 1 sv. (nestránkován)
|
| 490 |
1 |
|
|a Naše novinky v malom vydaní ;
|v 22
|
| 500 |
|
|
|a Značkovaný zpěv
|
| 700 |
1 |
|
|a Grünner, Tibor,
|d 1927-2016
|7 mzk2011640829
|4 lyr
|
| 830 |
|
0 |
|a Naše novinky v malom vydaní
|
| 910 |
|
|
|a BOA001
|b Mus1-0326.344
|
| 990 |
|
|
|a MU
|
| 991 |
|
|
|b 201007
|
| 996 |
6 |
|
|b 2619731184
|c Mus1-0326.344
|l MZK
|r Sklad / do 1 hodiny
|n 1
|w 000547232
|u 000010
|a 1
|e BOA001
|j MZK50
|s P
|